000
00290nam a2200097Ia 4500
008
220204s9999 xx 000 0 und d
082
_a
658.58
_b
IND
245
0
_a
Industrial maintenance in West Germany, Britain and USA
260
_a
New Delhi
_b
National Productivity Council
_c
1963
942
_c
BK
999
_c
23208
_d
23208